Library Banner

God and logic in Islam: the caliphate of reason / (Record no. 96500)

MARC details
000 -LEADER
fixed length control field 00425nam a22001577a 4500
005 - DATE AND TIME OF LATEST TRANSACTION
control field 20180307155043.0
008 - FIXED-LENGTH DATA ELEMENTS--GENERAL INFORMATION
fixed length control field 170807b xxu||||| |||| 00| 0 eng d
020 ## - INTERNATIONAL STANDARD BOOK NUMBER
International Standard Book Number 9780521195348
040 ## - CATALOGING SOURCE
Transcribing agency PK-LaUMT
082 ## - DEWEY DECIMAL CLASSIFICATION NUMBER
Classification number ZIAC 297.01
Item number WAL-G
100 ## - MAIN ENTRY--PERSONAL NAME
Personal name Walbridge, John
245 ## - TITLE STATEMENT
Title God and logic in Islam: the caliphate of reason /
Statement of responsibility, etc John Walbridge
260 ## - PUBLICATION, DISTRIBUTION, ETC. (IMPRINT)
Place of publication, distribution, etc London:
Name of publisher, distributor, etc Cambridge,
Date of publication, distribution, etc 2010
300 ## - PHYSICAL DESCRIPTION
Extent 211 p.
942 ## - ADDED ENTRY ELEMENTS (KOHA)
Koha item type Books
Holdings
Withdrawn status Lost status Damaged status Home library Current library Date acquired Full call number Barcode Date last seen Price effective from Koha item type
      UMT Main Campus UMT Main Campus 2017-08-07 ZIAC 297.01 WAL-G 112179 2017-08-07 2017-08-07 Books